Vlastné náklady a ceny v priemysle /
Uložené v:
| Hlavní autori: | , |
|---|---|
| Médium: | Kniha |
| Jazyk: | Slovak |
| Vydané: |
Bratislava :
Alfa,
1972.
|
| Vydanie: | 1. vyd. |
| Edícia: | Edícia ekonomickej literatúry
|
| ISBN: |
(brož.) |
| Fyzický popis: |
290 s. |
| Tagy: |
Pridať tag
Žiadne tagy, Buďte prvý kto otaguje tento záznam!
|
Titul je dostupný aj v ... 

MARC
| LEADER | 00000nam a2200000 a 4500 | ||
|---|---|---|---|
| 001 | 000171880 | ||
| 005 | 20091018130450.0 | ||
| 008 | 040101s1972 xo e slo d | ||
| 020 | |a (brož.) | ||
| 040 | |a SVKKK |b slo |c SVKKK |e AACR2 | ||
| 041 | 0 | |a slo | |
| 044 | |a xo |c SK | ||
| 100 | 1 | |a Rajňák, Milan |4 aut | |
| 245 | 1 | 0 | |a Vlastné náklady a ceny v priemysle / |c Milan Rajňák, Milan Kupkovič. |
| 250 | |a 1. vyd. | ||
| 260 | |a Bratislava : |b Alfa, |c 1972. | ||
| 300 | |a 290 s. | ||
| 490 | 1 | |a Edícia ekonomickej literatúry | |
| 700 | 1 | |a Kupkovič, Milan |4 aut | |
| 910 | |a svkkk | ||
| 998 | |a BK | ||
| 090 | |g SCKHL |k Sklad Pribinova 2. posch. |a II.194324 |j 475234 |i 171880-10 |s Absenčne | ||
| 090 | |g SCKHL |k Sklad Pribinova 2. posch. |a II.194325 |j 475235 |i 171880-20 |s Absenčne | ||